| 000 | 00558nam a2200169 4500 | ||
|---|---|---|---|
| 001 | 132560 | ||
| 003 | ES-MaACL | ||
| 005 | 20230906194212.0 | ||
| 007 | t| | ||
| 008 | 070214s1941 ag r ||||1| spa d | ||
| 245 | 0 | 0 |
_aRomancero / _cIsmael Moya. |
| 260 |
_aBuenos Aires : _bFacultad de FilosofĂa y Letras de la Universidad. Instituto de Literatura Argentina, _c1941. |
||
| 300 |
_a2 v. ; _c24 cm. |
||
| 700 | 1 |
_aMoya, Ismael. _983953 |
|
| 710 | 2 |
_aUniversidad de Buenos Aires. _bInstituto de Literatura Argentina. _9139614 |
|
| 852 |
_aES-MaACL _jC-7785-6 |
||
| 999 |
_c132560 _d132560 |
||